Boys will be Bugs Lyrics - Cavetown - Statistics

General Stats
  • This quiz has been taken 299 times
  • The average score is 353 of 422
Answer Stats
Lyrics % Correct
I
100%
a
99%
s***
99%
boy
98%
I'm
98%
do
97%
and
96%
And
96%
bugs
96%
Bugs,
96%
don't
96%
Don't
96%
f***
96%
dumb
95%
me
95%
the
95%
The
95%
teen
94%
you
94%
be
93%
be?
93%
to
93%
care
92%
very
92%
but
91%
But
91%
hug
91%
mean
91%
really
91%
rocks
91%
sticks
91%
about
90%
eat
90%
feel
90%
if
90%
If
90%
it
90%
need
90%
with
90%
your
90%
I'll
89%
mud
89%
not
89%
who
89%
mess
88%
stupid,
88%
ugly
88%
up
88%
big
87%
strong
87%
government
86%
now
86%
scary
86%
you're
86%
are
85%
at
85%
It's
85%
it's
85%
just
85%
Just
85%
karate
85%
like
85%
my
85%
My
85%
out
85%
make
84%
Make
84%
night,
84%
punch
83%
think
83%
wall,
83%
14
82%
bother
82%
turned
82%
bet
81%
doesn't
81%
gonna
81%
much
81%
Pretend
81%
stay
81%
How
80%
how
80%
will
80%
better
79%
Boys
79%
boys
79%
Boys,
79%
girls
79%
so
79%
year
79%
ladybugs
78%
sweater
78%
this
78%
world?
78%
world
78%
cry
77%
in
77%
kids
77%
together?
77%
walls,
77%
wanna
77%
is
76%
that
75%
'cause
74%
All
73%
all
73%
'cause
73%
female
73%
right?
73%
message
72%
What's
72%
reply
71%
won't
71%
Bee
70%
cold
70%
getting
70%
underneath
70%
weather
70%
here
69%
spotty
69%
have
68%
They
68%
they
68%
class
67%
friends
67%
sit
67%
Beetle,
65%
down
65%
give
65%
isn't
65%
mom
65%
names
65%
say
65%
school
65%
Spider,
65%
hate
64%
Their
64%
cool
63%
couldn't
63%
parents
63%
told
63%
Ain't
61%
other
61%
quit
61%
understand
61%
worried
61%
always
60%
she's
60%
skipped
60%
time
59%
'em
58%
lying
58%
let
57%
Though
57%
should
56%
know
55%
listened
55%
they're
55%
everything
53%
never
53%
see
52%
sure
52%
s'posed
47%
even
46%
yet
44%
s'posed
43%
around
39%
Block
37%
revolves
37%
Or
29%
thinks
29%
advised
28%
No matching quizzes found
Score Distribution
Percent of People with Each Score
Percentile by Number Answered
Your Score History
You have not taken this quiz